Online
Catalog

A history in fragments : (Record no. 42527)

MARC details
000 -CABECERA
campo de control de longitud fija 00750nam a2200181 a 4500
001 - NÚMERO DE CONTROL
campo de control 000043038
005 - FECHA Y HORA DE LA ÚLTIMA TRANSACCIÓN
campo de control 20201002040607.0
008 - DATOS DE LONGITUD FIJA--INFORMACIÓN GENERAL
campo de control de longitud fija 140218s2001 nyuab 001 0 spa d
020 ## - NÚMERO INTERNACIONAL ESTÁNDAR DEL LIBRO
Número Internacional Estándar del Libro 0306810638
040 ## - FUENTE DE LA CATALOGACIÓN
Centro catalogador/agencia de origen DO-SdBNP
Lengua de catalogación spa
Centro/agencia transcriptor BNPHU
082 ## - NÚMERO DE LA CLASIFICACIÓN DECIMAL DEWEY
Número de clasificación xxxx
Número de documento/Ítem xxxx
100 1# - ENTRADA PRINCIPAL--NOMBRE DE PERSONA
Nombre de persona Vinen, Richard
9 (RLIN) 70564
245 10 - MENCIÓN DE TÍTULO
Título A history in fragments :
Resto del título Europe in the twentieth century /
Mención de responsabilidad, etc. Richard Vinen.
260 ## - PUBLICACIÓN, DISTRIBUCIÓN, ETC.
Lugar de publicación, distribución, etc. Cambridge, Massachusetts :
Nombre del editor, distribuidor, etc. Da Capo Press,
Fecha de publicación, distribución, etc. 2001.
300 ## - DESCRIPCIÓN FÍSICA
Extensión xii, 628 p. :
Otras características físicas il., mapas ;
Dimensiones 23 cm.
505 0# - NOTA DE CONTENIDO CON FORMATO
Nota de contenido con formato The Belle Epoque and the Catastrophe --
Título From One War to Another --
-- A Photographic Essay 213 --
-- Postwar Europe --
-- Who Won the Cold War? --
-- Europe in the New World Order --
-- A Sort of Conclusion
590 ## - NOTA LOCAL (RLIN)
Nota local Inventariado, 2019/BT
Holdings
Estado de retiro Estado de pérdida Restricciones de uso No para préstamo Código de colección Localización permanente Ubicación/localización actual Ubicación en estantería Fecha de adquisición Número de inventario Total de préstamos Signatura topográfica completa Código de barras Fecha visto por última vez Precio válido a partir de Tipo de ítem Koha
      Excluido de préstamo Monografías: Libros y Folletos General General Depósito 18.02.2014 LF1   xxxx xxxx 43038-10 25.06.2020 25.06.2020 No se presta

Powered by Koha